| 000 | 00860cam a22002054a 4500 | ||
|---|---|---|---|
| 005 | 20250605164210.0 | ||
| 008 | 250528s ||||||||||||||||||||||||d | ||
| 035 | _a20197 | ||
| 040 |
_aGR-AtMCL _bgre _dGR-AtMCL _eAACR2 |
||
| 245 | 1 | _aStudies 15 / Innovation in Greek Manufacturing | |
| 260 | _c1985 | ||
| 300 | _a112 | ||
| 520 | _aRole of Advanced Technologies and New Management Outlook. Summary, Introduction, Greek Manufacturing, Advanced Technology Sectors, Conditions for Technological Advancement, Product Proposals, Needed Measures, The Product Development Authority, Summary of Conclusions and Recommendations, Appendices, Bibliography, List of Tables and Figures. | ||
| 700 | 1 |
_aKazis D. A _96234 |
|
| 700 | 1 |
_aSkoumal S _96235 |
|
| 942 | _cBK | ||
| 710 | 2 |
_aCentre Of Planning And Economic Research _99782 |
|
| 999 |
_c5332 _d5332 |
||